| 000 | 00915nac a22002417a 4500 | ||
|---|---|---|---|
| 001 | BR7301961 | ||
| 003 | BR-BrBNA | ||
| 005 | 20240105113504.0 | ||
| 008 | 230509b bl.|||m| |||| 00| 0 por d | ||
| 040 |
_aBR-BrBNA _bpor _cBiblioteca Nacional de Agricultura |
||
| 072 | _aC00; E50 | ||
| 090 | _aC00 BR7301961 | ||
| 100 | 1 | _aCobbe, R.V. | |
| 110 | 1 | _aEscola Superior de Agricultura Luiz de Queiroz, Piracicaba, SP (Brasil) | |
| 245 | 1 | _aUm roteiro para estudo sobre difusao de inovacoes e mudanca social dirigida | |
| 260 | 3 |
_aPiracicaba, SP (Brasil): _c1969. |
|
| 300 | _a33 p. | ||
| 490 |
_aSerie Didatica - Escola Superior de Agricultura Luiz de Queiroz (Brazil) _vno. 19 _x |
||
| 500 | _a(*) Documento disponível na(o) Escola Superior de Agricultura Luiz de Queiroz, Piracicaba, SP (Brazil) | ||
| 650 | _aSociologia rural | ||
| 909 |
_a202312 _bLúcia Elande _c55 _dLúcia Elande |
||
| 942 |
_2AGRIS _n0 _cMS |
||
| 999 |
_c264012 _d264012 |
||